LEADER 01418nam a2200313 u 4500 001 000000017663 003 CaOOAMICUS 005 20070226110601.0 008 940513s1985 it u000 u ita u 020 $a8870740811 035 $a10411875 040 $aPUL(R)$bita 100 1 $aCipriani, Roberto.$0(OLS)http://pul/name/5336 245 13$aIl Cristo rosso :$briti e simboli, religione e politica nella cultura popolare /$cRoberto Cipriani ; introduzione di Emile Poulat. 260 $aRoma :$bIanua,$c1985. 300 $axxi, 248 p., [16] p. di tav. :$bill. ;$c21 cm 490 1 $aMateriali antropologici ;$v5 650 4$aReligiosità popolare.$0(OLS)http://pul/subject/12410 650 4$aFolklore.$0(OLS)http://pul/subject/3382 650 4$aAntropologia culturale.$0(OLS)http://pul/subject/6911 700 1 $aPoulat, Émile,$d1920-$0(OLS)http://pul/name/10532 830 0$aMateriali antropologici ;$v5.$0(OLS)http://pul/title/25275 850 $aPUL 852 $aPUL$W1$xDP1 Cons. Gen., Altre Classi 1$y22$m780 A 68$j24897$nBK-PRI$b $qStampati$B24897$CPULBib$Z2$F24897 $H $81 941 1 $a8 961 $aINV: 58795 996 $6020$a8870740811$9(OLS)http://pul/number/22753 996 $6245$aIl Cristo rosso :$briti e simboli, religione e politica nella cultura popolare$9(OLS)http://pul/title/25274 996 $6260$aRoma :$bIanua$9(OLS)http://pul/publisher/51416 LEADER 01492nam a2200337 u 4500 001 000000071614 003 CaOOAMICUS 005 20070226122142.0 008 020531s1986 it u000 u ita u 020 $a8831148044 035 $a10931612 040 $aPUL(R)$bita 100 0 $aMaria Magdalena de Pazzis,$cs.,$d1566-1607.$0(OLS)http://pul/name/47506 240 10$aGruppi, scelte$9(Maria Magdalena de Pazzis, s., 1566-1607).$0(OLS)http://pul/title/94262 245 13$aLa rinnovazione della chiesa :$blettere dettate in estasi /$cMaria Maddalena de'Pazzi. 260 $aRoma :$bCittà Nuova,$c1986. 300 $a151 p. ;$c18 cm 490 1 $aTesti di Spiritualità Carmelitana ;$v6 504 $aBibliografia in nota. 650 4$aChiesa.$0(OLS)http://pul/subject/2116 830 0$aTesti di Spiritualità Carmelitana ;$v6.$0(OLS)http://pul/title/83132 850 $aPUL 852 $aPUL$W1$xDP1 Religione 1$y20$m549 M 18$j92656$nBK-PRI$b $qStampati$B92656$CPULBib$Z2$F92656 $H $81 900 $aMaria Maddalena de' Pazzi,$cs.,$d1566-1607$947506 900 $aDe' Pazzi, Maria Maddalena,$cs.,$d1566-1607$947506 900 $aPazzi, Caterina de',$d1566-1607$947506 941 1 $a8 961 $aINV: 57001 996 $6020$a8831148044$9(OLS)http://pul/number/92475 996 $6245$aLa rinnovazione della chiesa :$blettere dettate in estasi$9(OLS)http://pul/title/94263 996 $6260$aRoma :$bCittà Nuova$9(OLS)http://pul/publisher/47927